000 00694nam a22001937a 4500
005 20251108175912.0
008 250721s2020 xx 000 0 ara d
082 1 4 _a216.9261/خيا
100 1 _aالخياط، وفا قادر سلطان
245 1 0 _aنوازل المعاملات المالية خارج ديار الاسلام :
_bالسويد نموذجا /
264 1 _aاربيل :
_bمكتب التفسير للنشر،
_c2020.
300 _a406ص.
650 1 7 _aالفقة الاسلامي
650 1 7 _aالشريعة الاسلامية
650 1 7 _aالمعاملات المالية
650 1 7 _aالمالية الاسلامية
942 _2ddc
_cBK
999 _c145136
_d145136